Punishment across borders : transnational conceptions of punishment /
Saved in:
| Main Author: | |
|---|---|
| Format: | Thesis |
| Language: | English |
| Published: |
Wales, U.K. :
University St-Andrews,
2005
|
| Subjects: | |
| Tags: |
Add Tag
No Tags, Be the first to tag this record!
|
| LEADER | 010640000a22002530004500 | ||
|---|---|---|---|
| 008 | 111018t2005 xxk f 000 0 eng d | ||
| 040 | |a UIAM |b eng | ||
| 043 | |a e-uk--- | ||
| 050 | 0 | 0 | |a HV8665 |
| 100 | 1 | |a Moradian, Davood | |
| 245 | 1 | 0 | |a Punishment across borders : |b transnational conceptions of punishment / |c by Davood Moradian |
| 260 | |a Wales, U.K. : |b University St-Andrews, |c 2005 | ||
| 300 | |a 444 p. ; |c 30 cm. | ||
| 500 | |a "A thesis submitted to the University of St' Andrews for the degree of Doctor of Philosophy." -- On t. p. | ||
| 502 | |a Thesis (Ph. D.) -- University of St-Andrews, 2005 | ||
| 504 | |a Includes bibliographical references (p. 428-443). | ||
| 596 | |a 1 | ||
| 650 | 0 | |a Punishment | |
| 650 | 0 | |a Punishment |x Religious aspects Islam | |
| 650 | 0 | |a Punishment (Islamic law) |x Comparative studies | |
| 655 | 0 | 7 | |a Theses, Facsimile edition (Islamic) |
| 900 | |a hj-ls | ||
| 999 | |c 434187 |d 465847 | ||
| 952 | |0 0 |6 TI HV 008665 M827P 2005 |7 0 |8 THESES |9 757148 |a IIUM |b IIUM |c MULTIMEDIA |g 640.00 |o ti HV 8665 M827P 2005 |p 00011194961 |r 2017-10-23 |t 1 |v 640.00 |y THESIS | ||
